Under Pressure by Queen Lyrics - Statistics

General Stats
  • This quiz has been taken 141 times
  • The average score is 32 of 41
Answer Stats
Lyrics % Correct
Pressure {pushing} down on me
92%
"{Let} me out!"
91%
"{Let} me out!"
91%
{People} on streets
89%
{People} on streets
89%
The {people} on the ({People} on streets) edge of the night
89%
Can't we give ourselves one more {chance}?
85%
Give {love}, give {love}, give {love}, give {love}, give {love}?
84%
{Love}, {love}, {love}, {love}, {love}
84%
Watching some {good} {friends} screaming,
84%
Watching some {good} {friends} screaming,
84%
Why can't we give {love}, give {love}, give {love}, give {love}
84%
Why can't we give {love} that one more chance?
84%
Puts people on {streets}
83%
This is our last {dance}
81%
This is our last {dance}
81%
Insanity laughs {under} {pressure} we're breaking
80%
{Under} {pressure}
80%
{Under} {pressure}
80%
{Pressure}
79%
{Pressure} on people, people on streets
79%
{Pressure} on people, people on streets
79%
Because love's such an old-{fashioned} word
78%
It's the {terror} {of} {knowing} what the world is about
78%
It's the {terror} {of} {knowing} what the world is about
78%
Pray tomorrow gets me {higher}
77%
Pray tomorrow gets me {higher}, high
77%
Caring about {ourselves}
75%
Splits a {family} in two
75%
This is {ourselves} under pressure
75%
Ee day da, that's {okay}
73%
Turned away from it all like a {blind} {man}
72%
And love (People on streets) dares you to {change} our way of
68%
Under pressure that burns a {building} down
67%
{Why}, {why}, {why}?
66%
These are the days it never rains but it {pours}
65%
And love dares you to {care} {for}
63%
Chipping around, kick my {brains} around the floor
61%
Keep coming up with love but it's so slashed and {torn}
60%
Pressing down on you, no man {ask} {for}
54%
Sat on a {fence} but it don't work
53%
No matching quizzes found
Score Distribution
Percent of People with Each Score
Percentile by Number Answered
Your Score History
You have not taken this quiz